Social origins of the African-American lowcountry basket /
Saved in:
| Main Author: | |
|---|---|
| Corporate Author: | |
| Format: | Manuscript |
| Language: | English |
| Published: |
1997.
|
| Subjects: | |
| Tags: |
Add Tag
No Tags, Be the first to tag this record!
|
| LEADER | 01046ntm a2200289 a 4500 | ||
|---|---|---|---|
| 001 | 007787200-2 | ||
| 005 | 20161020102027.0 | ||
| 008 | 980512s1997 xx abf b 000|0 eng d | ||
| 035 | 0 | |a ocm77063794 | |
| 035 | 0 | |a ocm39160598 | |
| 043 | |a n-us-sc |a f------ | ||
| 050 | 4 | |a TT879.B3 |b R67 1997a | |
| 100 | 1 | |a Rosengarten, Dale, |d 1948- | |
| 245 | 1 | 0 | |a Social origins of the African-American lowcountry basket / |c a thesis presented by Dale Rosengarten. |
| 260 | |c 1997. | ||
| 300 | |a iii, 444 leaves, [87] leaves of plates : |b ill., maps ; |c 28 cm. | ||
| 502 | |a Thesis (Ph. D.)--Harvard University, 1997. | ||
| 504 | |a Includes bibliographical references (p. 393-443). | ||
| 500 | |a Includes filmography (p. 444). | ||
| 650 | 0 | |a Basketwork |z South Carolina. | |
| 650 | 0 | |a Basketwork |z Africa. | |
| 650 | 0 | |a African American basket makers |z South Carolina. | |
| 650 | 0 | |a Basket making |z South Carolina. | |
| 650 | 0 | |a Basket making |z Africa. | |
| 710 | 2 | |a Harvard University. |b Graduate School of Arts and Sciences. |t Thesis. | |
| 988 | |a 20020608 | ||
| 906 | |0 MH | ||


